| 000 | 00442 a2200157 4500 | ||
|---|---|---|---|
| 003 | OSt | ||
| 005 | 20231108134543.0 | ||
| 008 | 231108b |||||||| |||| 00| 0 eng d | ||
| 040 | _coclc | ||
| 082 |
_a297 _bMUS/S |
||
| 100 |
_aMuathafassibaee _99870 |
||
| 245 |
_aSamadanavum Yudhavum Islamil / _cDr. Musthafassibae |
||
| 260 |
_aKerala: _bYuvatha, _c2002. |
||
| 300 | _a54p | ||
| 942 |
_2ddc _cBK _h297 _iMUS/S _k297 _mMUS/S |
||
| 999 |
_c42964 _d42964 |
||